Countries with two or more words #1 - Statistics

General Stats
  • This quiz has been taken 40 times
  • The average score is 13 of 15
Answer Stats
Hint Answer % Correct
Changed it’s name from Macedonia North Macedonia
97%
Has the state of California United states
97%
Owns a part of Hispaniola Dominican rep
95%
The capital is Pyongyang North Korea
95%
Has a word that sounds like Grenada St Vincent and the Grenadines
95%
Independence from Indonesia East timor
92%
Had the biggest empire in history United Kingdom
92%
Borders the D.R.Congo, Gabon, CAR, and Angola Congo Rep
86%
Owns jeju island South Korea
84%
The only ST to be two words St Lucia
84%
Language is Serbian and Croatian Bosnia and Hezergovina
81%
Borders Chad in the north CAR
76%
Independence from Belgium D.R.Congo
76%
The biggest of the small islands nations in the Caribbean Trinidad and Tobago
73%
The Last option St Kitts and Nevis
57%
No matching quizzes found
Score Distribution
Percent of People with Each Score
Percentile by Number Answered
Your Score History
You have not taken this quiz